01536nam a2200361 a 4500001001000000003000900010005001700019007001000036008004100046020001500087040002200102092001900124245013600143260003800279300003900317490001700356500021400373650007000587650001800657650006200675700003000737710007200767830001700839910004000856930002400896942001200920945004000932952011000972956002101082956003801103956001801141999001501159000043528DO-SdBNP20180316151657.0000043528140324s2003 dr ad 000 0 spa d a9993403636 aBPMSUbspacBPMSU a553.282bP497i03aEl petróleo y su incidencia en la economía y el desarrollo de la República Dominicana /cLeonel Fernández Reyna...[et al.]. aSanto Domingo :bFUNGLODE,c2003. a283 p. :bil., gráfcs. ;c24 cm.1 aEnergíav1 aIncluye las ponencias y trabajos presentados en el Seminario "El petróleo y su incidencia en la economía y el desarrollo de la República Dominicana", celebrado del 13-15 de febrero del 2001, en FUNGLODE. 4aPETRÓLEOzREPÚBLICA DOMINICANAxCONGRESOS, CONFERENCIAS, ETC. 4aHIDROCARBUROS 4aRECURSOS ENERGÉTICOS RENOVABLESzREPÚBLICA DOMINICANA12aFernández Reyna, Leonel2 aFundación Global Democracia y Desarrollo (República Dominicana) 0aEnergían1 aValidado. Control de la calidad EMS 1l m h 8 f p g  2ddccBK aRemanejado para la BNPHU, 2018 / BT 00102ddc4070aBPMETbBPMETd2015-04-23l0o553.282 P497ipBPMSU15040026r2015-04-23w2015-04-23yBK a b c l h103  aVMATEOb10c20140502lBPMSUh0069 a b c l h  c7683d7683